Implementing effective travel demand management measures : (Record no. 543093)
[ view plain ]
| 000 -LEADER | |
|---|---|
| fixed length control field | 01141nam a2200241 a 4500 |
| 082 ## - DEWEY DECIMAL CLASSIFICATION NUMBER | |
| Classification number | 388.049 |
| Author Mark | IMP |
| -- | D |
| 245 00 - TITLE STATEMENT | |
| Title | Implementing effective travel demand management measures : |
| Remainder of title | inventory of measures and synthesis of experience / |
| Statement of responsibility, etc. | [Richard Kuzmyak ... et al.] ; prepared by Comsis Corporation ... [et al.] ; prepared for Federal Highway Administration & Federal Transit Administration, U.S. Department of Transportation. |
| 260 ## - PUBLICATION, DISTRIBUTION, ETC. | |
| Place of publication, distribution, etc. | Washington, D.C. : |
| Name of publisher, distributor, etc. | U.S. Dept. of Transportation : |
| -- | Distributed in cooperation with Technology Sharing Program, |
| Date of publication, distribution, etc. | [1993] |
| 300 ## - PHYSICAL DESCRIPTION | |
| Extent | 1 v. (various pagings) : |
| Other physical details | ill. ; |
| Dimensions | 28 cm. |
| 500 ## - GENERAL NOTE | |
| General note | "DOT-T-94-02." |
| 500 ## - GENERAL NOTE | |
| General note | "Final report." |
| 500 ## - GENERAL NOTE | |
| General note | "September 1993." |
| 526 ## - STUDY PROGRAM INFORMATION NOTE | |
| Program name | 0 |
| Interest level | 0 |
| Reading level | 0 |
| Title point value | 388_049000000000000_IMP |
| 650 #0 - SUBJECT ADDED ENTRY--TOPICAL TERM | |
| Topical term or geographic name entry element | MCE |
| 9 (RLIN) | 379 |
| 650 #0 - SUBJECT ADDED ENTRY--TOPICAL TERM | |
| Topical term or geographic name entry element | Traffic congestion |
| Geographic subdivision | United States. |
| 9 (RLIN) | 20089 |
| 650 #0 - SUBJECT ADDED ENTRY--TOPICAL TERM | |
| Topical term or geographic name entry element | Urban transportation policy |
| Geographic subdivision | United States. |
| 9 (RLIN) | 21475 |
| 700 1# - ADDED ENTRY--PERSONAL NAME | |
| Personal name | Kuzmyak, J. Richard. |
| 9 (RLIN) | 23199 |
| 710 1# - ADDED ENTRY--CORPORATE NAME | |
| Corporate name or jurisdiction name as entry element | United States. |
| 9 (RLIN) | 21185 |
| 710 1# - ADDED ENTRY--CORPORATE NAME | |
| Corporate name or jurisdiction name as entry element | United States. |
| 9 (RLIN) | 21185 |
| 710 2# - ADDED ENTRY--CORPORATE NAME | |
| Corporate name or jurisdiction name as entry element | Comsis Corporation. |
| 9 (RLIN) | 38461 |
| 710 2# - ADDED ENTRY--CORPORATE NAME | |
| Corporate name or jurisdiction name as entry element | Technology Sharing Program (U.S.) |
| 9 (RLIN) | 38462 |
| 942 ## - ADDED ENTRY ELEMENTS (KOHA) | |
| Source of classification or shelving scheme | |
| Koha item type | Book |
| Withdrawn status | Lost status | Source of classification or shelving scheme | Damaged status | Not for loan | Permanent Location | Current Location | Date acquired | Total Checkouts | Full call number | Barcode | Date last seen | Price effective from | Koha item type |
|---|---|---|---|---|---|---|---|---|---|---|---|---|---|
| Military College of Engineering (MCE) | Military College of Engineering (MCE) | 03/05/2014 | 388.049 IMP | MCE-41978 | 03/05/2014 | 03/05/2014 | Book |
